Elementary principles of economics (Record no. 1548)

MARC details
000 -LEADER
fixed length control field 00559cam a2200193ua 4500
008 - FIXED-LENGTH DATA ELEMENTS--GENERAL INFORMATION
fixed length control field 110714n ii |||gr||||Z||||||eng
040 ## - CATALOGING SOURCE
Transcribing agency MAIN
082 ## - DEWEY DECIMAL CLASSIFICATION NUMBER
Classification number 330.01
100 1# - MAIN ENTRY--PERSONAL NAME
Personal name Jathar, G. B.,
Dates associated with a name 1887,
245 1# - TITLE STATEMENT
Title Elementary principles of economics
Statement of responsibility, etc. by G. B. Jathar
250 ## - EDITION STATEMENT
Edition statement 1st.
260 ## - PUBLICATION, DISTRIBUTION, ETC.
Place of publication, distribution, etc. New Delhi:
Name of publisher, distributor, etc. oxford university press,961.
300 ## - PHYSICAL DESCRIPTION
Extent x; 424p:
Other physical details ill;
Dimensions 23cm.
700 ## - ADDED ENTRY--PERSONAL NAME
Personal name Beri, S. G.,
Dates associated with a name 1894,
942 ## - ADDED ENTRY ELEMENTS (KOHA)
Koha item type Books
100 1# - MAIN ENTRY--PERSONAL NAME
Fuller form of name (Ganesh Bhaskar Jathar).
653 ## - INDEX TERM--UNCONTROLLED
Uncontrolled term Economics
653 ## - INDEX TERM--UNCONTROLLED
Uncontrolled term Principles of economics
700 ## - ADDED ENTRY--PERSONAL NAME
Fuller form of name (Shridhar Govind Beri).
Holdings
Withdrawn status Lost status Damaged status Not for loan Home library Current library Shelving location Date acquired Total Checkouts Full call number Barcode Date last seen Copy number Price effective from Koha item type
        Central Library, Naharkatiya College Central Library, Naharkatiya College General Stacks 19/09/2020   330.01 | JAT 4274 19/09/2020 1 19/09/2020 Books

Naharkatiya College © 2020. All rights reserved.

Powered By